African Communication Research (Record no. 9474)
[ view plain ]
| 000 -LEADER | |
|---|---|
| fixed length control field | 00466cas a2200157 4500 |
| 008 - FIXED-LENGTH DATA ELEMENTS--GENERAL INFORMATION | |
| fixed length control field | 130110n eng u |
| 022 ## - INTERNATIONAL STANDARD SERIAL NUMBER | |
| International Standard Serial Number | 1821-6544 |
| 035 ## - SYSTEM CONTROL NUMBER | |
| System control number | (Sirsi) a177944 |
| 050 ## - LIBRARY OF CONGRESS CALL NUMBER | |
| Classification number | P92.A4 |
| 245 ## - TITLE STATEMENT | |
| Title | African Communication Research |
| 260 ## - PUBLICATION, DISTRIBUTION, ETC. | |
| Place of publication, distribution, etc. | Mwanza |
| Name of publisher, distributor, etc. | St Augustine University, Tanzania |
| 310 ## - CURRENT PUBLICATION FREQUENCY | |
| Current publication frequency | Irregular |
| 362 ## - DATES OF PUBLICATION AND/OR SEQUENTIAL DESIGNATION | |
| Dates of publication and/or sequential designation | Vol. 1, No. 2, 2008-Vol. 1, No. 2, 2008 |
| 520 ## - SUMMARY, ETC. | |
| Summary, etc. | This journal discusses ethics in journalism |
| 650 ## - SUBJECT ADDED ENTRY--TOPICAL TERM | |
| Topical term or geographic name entry element | Newsroom Ethics |
| Withdrawn status | Lost status | Source of classification or shelving scheme | Damaged status | Not for loan | Home library | Current library | Shelving location | Total Checkouts | Full call number | Barcode | Date last seen | Copy number | Price effective from | Koha item type |
|---|---|---|---|---|---|---|---|---|---|---|---|---|---|---|
| Library of Congress Classification | Main Library | Main Library | Serials | P92.A4 | 6544122008 | 08/12/2019 | 1 | 08/12/2019 | Periodical |